000 00611nam a2200205Ii 4500
003 JO-AjNU
008 230606s9999||||xx |||||||||||||| ||und||
020 _a978-0-367-14116-5
040 _aJO-AjNU
_beng
_erda
_cJO-AjNU
041 _aeng
050 1 4 _aLC4704 2020
100 3 _aSicherer,Mati,
_eauthor
_96212
245 0 0 _aCollege for Students with Learning Disabilites: A School Counselor,s Guide Fostering Success
250 _a1ed
264 3 1 _aNEW YORK:Routldge,2020
300 _a239p
336 _atext
_btxt
_2rdacontent
337 _aunmediated
_bn
_2rdamedia
338 _avolume
_bnc
_2rdacarrier
999 _aE3223
_c3219
_d3219